000 00910cam a2200337 i 4500
001 0000591
003 DO-SdBNP
005 20180403130452.0
007 0000591
008 100514s 2007 sp 000 f spa
015 _a
017 _a
_b
020 _a9788466320702
035 _a
040 _aBPMSU
_bspa
_cBPMSU
_e
080 _a
082 4 _a863.6
_bP438c
100 1 _aPérez Reverte, Arturo,
_d1951-
245 1 3 _aEl club Dumas /
_cArturo Pérez Reverte.
260 _aMadrid:
_bSantillana ediciones generales,
_c2007.
300 _a444 p. :
_c19 cm
490 1 _aPunto de lectura
_v1 / 3
500 _aIncluye datos biográficos del autor.
650 4 _aNOVELA ESPAÑOLA
650 4 _aLITERATURA ESPAÑOLA
830 0 _aPunto de lectura
_n1 / 3
910 _aVMATEO
942 _2ddc
_cBK
945 _aInventariado extranjero / 2017 VM
956 _aYLOCKWARD
_b10
_c20171211
_hBPMSU
999 _c11112
_d11112